000 00542nam a2200181 i 4500
001 96718
003 ES-MaACL
005 20230906181950.0
007 t|
008 050630s1915 sp ||||1| cat d
110 2 _aMancomunitat de Catalunya.
_9160353
245 1 0 _aLlibre de deliberations /
_cMancomunitat de Catalunya.
260 _aBarcelona :
_bLa Mancomunitat,
_c1915.
300 _a418 p. ;
_c24 cm.
505 8 _aContiene: 1913-1915
651 4 _aCataluña-
_xPolítica y gobierno-
_y1914-1925.
_9160354
852 _aES-MaACL
_jG-15220
999 _c96718
_d96718